Pokémon - Attacken von Quajutsu in KA/PU - Statistiken

Allgemein
  • Dieses Quiz wurde 2 mal gespielt
  • Das Durchschnittsergebnis liegt bei 23 aus 70
Antwortstatistiken
Antwort % Korrekt
Aquaknarre
100%
Aquawelle
100%
Delegator
100%
Eishieb
100%
Eissturm
100%
Kaskade
100%
Steinhagel
100%
Surfer
100%
Wasser-Shuriken
100%
Akrobatik
50%
Aquadurchstoß
50%
Bodycheck
50%
Dunkelnebel
50%
Durchbruch
50%
Eisstrahl
50%
Erholung
50%
Finsteraura
50%
Fußkick
50%
Fußtritt
50%
Gigastoß
50%
Heuler
50%
Hydropumpe
50%
Hyperstrahl
50%
Klaps
50%
Lehmschelle
50%
Nachthieb
50%
Regentanz
50%
Ruckzuckhieb
50%
Schattenstoß
50%
Schaufler
50%
Schlecker
50%
Schutzschild
50%
Schwerttanz
50%
Sondersensor
50%
Sprungfeder
50%
Wegbereiter
50%
Aero-Ass
0%
Aquahaubitze
0%
Ausdauer
0%
Blizzard
0%
Doppelteam
0%
Fassade
0%
Felsgrab
0%
Giftspitzen
0%
Heimzahlung
0%
Kalte Dusche
0%
Kanon
0%
Katapult
0%
Kehrtwende
0%
Konter
0%
Lehmschuss
0%
Meteorologe
0%
Mülltreffer
0%
Raub
0%
Rauchwolke
0%
Rechte Hand
0%
Rollenspiel
0%
Schlafrede
0%
Schlammwoge
0%
Schleuder
0%
Schneelandschaft
0%
Schnellkonter
0%
Stachler
0%
Sternschauer
0%
Strauchler
0%
Tera-Ausbruch
0%
Trugschlag
0%
Verhöhner
0%
Wassersäulen
0%
Wechseldich
0%
Keine übereinstimmenden Quizze gefunden
Verteilung der Resultate
Anzahl Personen mit jedem Resultat
Perzentil nach korrekt beantworteten Fragen
Ihre Resultats-Entwicklung
Sie haben dieses Quiz noch nicht gespielt